The road to wigan pier

Novela realista, inspirada en vivencias propias del autor George Orwell estando en Gran Bretaña, relata específicamente la situación en la que se encontraban la mayoría de los trabajadores de Yorkshire y Lancashire en cuanto a las experiencias de injusticia, desigualdad, de clases sociales clarament...

Mô tả đầy đủ

Đã lưu trong:
Chi tiết về thư mục
Tác giả chính: Orwell, George
Định dạng: Sách
Ngôn ngữ:Undetermined
Được phát hành: England Penguin Books 1963
Những chủ đề:
Các nhãn: Thêm thẻ
Không có thẻ, Là người đầu tiên thẻ bản ghi này!

MARC

LEADER 00000nam a2200000Ia 4500
008 170316s9999 xx 000 0 und d
040 |a cru BVZT 
090 |a 820 O-2ro 
100 |a Orwell, George  |9 1242 
245 4 |a The road to wigan pier  |c / George Orwell 
260 |a England 
260 |b Penguin Books 
260 |c 1963 
300 |a 204 páginas 
520 |a Novela realista, inspirada en vivencias propias del autor George Orwell estando en Gran Bretaña, relata específicamente la situación en la que se encontraban la mayoría de los trabajadores de Yorkshire y Lancashire en cuanto a las experiencias de injusticia, desigualdad, de clases sociales claramente diferenciados por la ideología que profesan. 
650 |a LITERATURA INGLESA  |9 12 
999 |c 7043  |d 7043 
942 |c 15 D  |h 820 O-2ro  |2 z